Oracles : (Record no. 86730)

MARC details
000 -LEADER
fixed length control field 00809nam a22002537a 4500
005 - DATE AND TIME OF LATEST TRANSACTION
control field 20140825104231.0
010 ## - LCCN (DPL NO)
LC control number ENG-110448
020 ## - INTERNATIONAL STANDARD BOOK NUMBER
International Standard Book Number 9781422183175
Terms of availability 995.00
035 ## - SYSTEM CONTROL NUMBER
System control number EN-93980
037 ## - SOURCE OF ACQUISITION
Source of stock number/acquisition DBAD/PUB
082 ## - DEWEY DECIMAL CLASSIFICATION NUMBER
Classification number 658.40355
100 ## - MAIN ENTRY--PERSONAL NAME
Personal name Thompson, Donald N.
245 ## - TITLE STATEMENT
Title Oracles :
Statement of responsibility, etc by Donald N. Thompson
Remainder of title how prediction markets turn employees into visionaries /
260 ## - PUBLICATION, DISTRIBUTION, ETC. (IMPRINT)
Place of publication, distribution, etc USA
Name of publisher, distributor, etc Harvard Business School Publishing
Date of publication, distribution, etc 2012
300 ## - PHYSICAL DESCRIPTION
Extent vi,261p. :
Dimensions 24cm(Hb)
Other physical details ill.
500 ## - GENERAL NOTE
General note includes index
650 ## - SUBJECT ADDED ENTRY--TOPICAL TERM
Topical term or geographic name as entry element Business forecasting.
650 ## - SUBJECT ADDED ENTRY--TOPICAL TERM
Topical term or geographic name as entry element Decision making.
650 ## - SUBJECT ADDED ENTRY--TOPICAL TERM
Topical term or geographic name as entry element Strategic planning.
650 ## - SUBJECT ADDED ENTRY--TOPICAL TERM
Topical term or geographic name as entry element Organizational behavior.
650 ## - SUBJECT ADDED ENTRY--TOPICAL TERM
Topical term or geographic name as entry element Organizational effectiveness.
650 ## - SUBJECT ADDED ENTRY--TOPICAL TERM
Topical term or geographic name as entry element Creative ability in business.
942 ## - ADDED ENTRY ELEMENTS (KOHA)
Source of classification or shelving scheme Dewey Decimal Classification
Item type English Books
Call number suffix THO
Classification part 658.40355
Holdings
Withdrawn status Lost status Not for loan Collection code Home library Current library Date acquired Source of acquisition Cost, normal purchase price Full call number Barcode Copy number Cost, replacement price Koha item type
    Not For Loan Non-fiction D.B.Act.Division D.B.Act.Division 10/07/2014 DBAD/PUB 995.00 658.40355 THO EN-93980 1 995.00 English Books

© Delhi Public Library
Hit Counter
free hit counter